000 00806nam a2200205Ia 4500
008 0000001983 fr a 0000000000fre00
090 _aPSP00 U14j
100 1 _aUclés, Josep
_d1952
245 1 0 _aJosep Uclés
_c/ text Josep Uclés ; traduction P. Gifreu ; photo Ramón Calvet
300 _a[26] p.
_c/ 25 cm.
500 _aExposición realizada en Galerie Joachim Becker de Cannes, Francia en diciembre de 1983 \ Incluye datos biográficos y cronología artística \ Texto en francés
600 0 0 _a UCLES, JOSEP, 1952/
_xTRABAJOS PICTORICOS
650 1 4 _a PINTURA ESPAÑOLA
650 1 4 _xCATALOGOS
650 1 4 _aDIBUJOS ESPAÑOLES
650 1 4 _xEXPOSICIONES
650 1 4 _aPINTORES ESPAÑOLES
650 1 4 _aPINTURA CATALANA
999 _c16274
_d16274
260 _aCannes : Galerie Joachim Becker
_c1983